[Event "36th Asia-ch U20"]
[Site "Tagaytay City PHI"]
[Date "2014.11.29"]
[Round "1"]
[White "SAMANTILA, Daryl Unix"]
[Black "NARAYANAN, Srinath"]
[Result "0-1"]
[WhiteElo "1948"]
[BlackElo "2461"]
[EventDate "2014.11.29"]
[PlyCount "122"]

1.d4 Nf6 2.Nf3 g6 3.Bg5 Bg7 4.Nbd2 O-O 5.c3 d6 6.e4 h6 7.Bh4 e5 8.dxe5 
dxe5 9.Be2 Nbd7 10.O-O Qe8 11.Re1 a5 12.Qc2 Nh5 13.Rad1 Nf4 14.Nc4 Nxe2+ 
15.Qxe2 b6 16.Ne3 c6 17.Rd6 Nc5 18.Qc2 Be6 19.c4 f6 20.Bg3 Rf7 21.Red1 Bf8
22.R6d2 a4 23.Ne1 h5 24.h3 Bh6 25.Re2 Rd8 26.Rxd8 Qxd8 27.b4 axb3 28.axb3 
Rd7 29.b4 Nb7 30.Qa4 Qc7 31.N1c2 Nd6 32.b5 Nxe4 33.Qa8+ Rd8 34.Qxc6 Qxc6 
35.bxc6 Nxg3 36.fxg3 Bf8 37.Nd5 Bc5+ 38.Kh2 Bxd5 39.Rd2 Bxc6 40.Rxd8+ Kf7 
41.Rd3 e4 42.Rd2 Ba4 43.Nd4 f5 44.Ra2 Bxd4 45.Rxa4 e3 46.Ra2 Ke6 47.g4 f4 
48.gxh5 gxh5 49.Re2 Kd6 50.Kg1 Kc5 51.Kf1 Kxc4 52.Re1 b5 53.Ke2 b4 54.Rf1 
b3 55.Rxf4 b2 56.Rf1 h4 57.Kf3 Kd3 58.Rd1+ Kc2 59.Rxd4 b1=Q 60.Re4 Qf1+ 
61.Kxe3 Qxg2 0-1

[Event "36th Asia-ch U20"]
[Site "Tagaytay City PHI"]
[Date "2014.11.29"]
[Round "1"]
[White "GARCIA, Jan Emmanuel"]
[Black "JACUTINA, John Merill"]
[Result "1-0"]
[WhiteElo "2396"]
[BlackElo "1947"]
[EventDate "2014.11.29"]
[PlyCount "51"]

1.d4 Nf6 2.c4 e6 3.g3 c5 4.Nf3 b6 5.Bg2 Bb7 6.Nc3 d6 7.d5 exd5 8.Nh4 Nbd7 
9.O-O Be7 10.Nf5 O-O 11.Bf4 Ne5 12.Nxd5 Nxd5 13.Bxd5 Qc7 14.Bxb7 Qxb7 15.
Qd5 Qc7 16.Rad1 Rad8 17.Bxe5 dxe5 18.Qc6 Rc8 19.Rd7 Qxc6 20.Nxe7+ Kh8 21.
Nxc6 Rxc6 22.Rfd1 a5 23.Rxf7 Rg8 24.Re7 h6 25.Rdd7 Rg6 26.Rxe5 1-0

[Event "36th Asia-ch U20"]
[Site "Tagaytay City PHI"]
[Date "2014.11.29"]
[Round "1"]
[White "MAYED, Al-Rashedi"]
[Black "BERSAMINA, Paulo"]
[Result "0-1"]
[WhiteElo "1908"]
[BlackElo "2391"]
[EventDate "2014.11.29"]
[PlyCount "94"]

1.e4 c5 2.Nf3 g6 3.d4 cxd4 4.Nxd4 Nc6 5.c4 Nf6 6.Nc3 d6 7.Bg5 Nxd4 8.Qxd4 
Bg7 9.Be2 O-O 10.Qd2 a5 11.Rd1 Be6 12.b3 Nd7 13.Na4 Re8 14.Be3 Qc7 15.f3 
Nc5 16.Nc3 Qb6 17.Na4 Qc7 18.Nc3 a4 19.Nb5 Qc8 20.b4 Nd7 21.Na3 Ne5 22.Rc1
Qd7 23.O-O f5 24.f4 Nc6 25.Bf3 fxe4 26.Bxe4 Bf5 27.Bf3 e5 28.Rfd1 exf4 29.
Bxf4 Nd4 30.Bd5+ Kh8 31.Qxd4 Bxd4+ 32.Rxd4 Be6 33.Bf3 Qg7 34.Rcd1 Bg4 35.
Bxg4 Re1+ 36.Kf2 Rxd1 37.Rxd1 Rf8 38.Kg3 Qc3+ 39.Bf3 Rxf4 40.Kxf4 Qxa3 41.
Bxb7 Qxa2 42.c5 dxc5 43.bxc5 Qc4+ 44.Be4 Qxc5 45.Rd8+ Kg7 46.Ra8 a3 47.Ra4
Qc1+ 0-1

[Event "36th Asia-ch U20"]
[Site "Tagaytay City PHI"]
[Date "2014.11.29"]
[Round "1"]
[White "BILGUUN, Sumiya"]
[Black "RILLORAZA, Istraelito"]
[Result "1-0"]
[WhiteElo "2249"]
[BlackElo "1736"]
[EventDate "2014.11.29"]
[PlyCount "69"]

1.e4 c5 2.Nf3 Nc6 3.d4 cxd4 4.Nxd4 Nf6 5.Nc3 d6 6.Bg5 a6 7.Qd2 h6 8.Bxf6 
gxf6 9.O-O-O h5 10.f4 Bh6 11.g3 Nxd4 12.Qxd4 b5 13.Kb1 Bb7 14.Be2 Rc8 15.
Rhf1 Bg7 16.Nd5 Kf8 17.f5 h4 18.gxh4 Rxh4 19.Qf2 Rxe4 20.Rg1 Re5 21.Rxg7 
Kxg7 22.Rg1+ Kf8 23.Qh4 Ke8 24.Rg8+ Kd7 25.Rxd8+ Rxd8 26.Nc3 Rg8 27.a4 Bc6
28.Qd4 Rb8 29.Qa7+ Rb7 30.Qxa6 bxa4 31.h4 e6 32.h5 Re3 33.Bb5 Re1+ 34.Ka2 
Rc7 35.h6 1-0

[Event "36th Asia-ch U20"]
[Site "Tagaytay City PHI"]
[Date "2014.11.29"]
[Round "1"]
[White "AHMAD, Alzarovni"]
[Black "IKRAMUL, Haque Siam"]
[Result "0-1"]
[WhiteElo "1721"]
[BlackElo "2090"]
[EventDate "2014.11.29"]
[PlyCount "52"]

1.d4 Nf6 2.c4 c5 3.d5 b5 4.cxb5 a6 5.bxa6 g6 6.Nc3 Bxa6 7.e4 Bxf1 8.Kxf1 
d6 9.g3 Nbd7 10.h3 Bg7 11.Nf3 O-O 12.Kg2 Qb6 13.Re1 Rfb8 14.a4 Qb3 15.Qxb3
Rxb3 16.Nd2 Rb4 17.Rb1 Ne8 18.f4 Bxc3 19.bxc3 Rxb1 20.Nxb1 Rxa4 21.Na3 Nc7
22.c4 Nb6 23.e5 Nxc4 24.exd6 exd6 25.Nxc4 Rxc4 26.Bd2 Rc2 0-1

[Event "36th Asia-ch U20"]
[Site "Tagaytay City PHI"]
[Date "2014.11.30"]
[Round "2"]
[White "NARAYANAN, Srinath"]
[Black "BILGUUN, Sumiya"]
[Result "1-0"]
[WhiteElo "2461"]
[BlackElo "2249"]
[EventDate "2014.11.29"]
[PlyCount "65"]

1.e4 c5 2.Nf3 e6 3.d4 cxd4 4.Nxd4 a6 5.Nc3 Qc7 6.Be2 b5 7.O-O Bb7 8.Re1 
Nc6 9.Nxc6 dxc6 10.e5 Rd8 11.Bd3 c5 12.Qg4 Ne7 13.Bg5 Rd4 14.Qh3 c4 15.Be4
Bxe4 16.Nxe4 Ng6 17.Rad1 Qxe5 18.Qf3 Rxd1 19.Rxd1 f5 20.Ng3 Kf7 21.Bd2 Be7
22.Bc3 Qc7 23.Nxf5 exf5 24.Qd5+ Kf8 25.Qa8+ Kf7 26.Qd5+ Kf8 27.Qe6 Ke8 28.
Bxg7 Nf8 29.Qxf5 Rg8 30.Qh5+ Ng6 31.Qxh7 Rxg7 32.Qxg7 Nf8 33.Re1 1-0

[Event "36th Asia-ch U20"]
[Site "Tagaytay City PHI"]
[Date "2014.11.30"]
[Round "2"]
[White "IKRAMUL, Haque Siam"]
[Black "GARCIA, Jan Emmanuel"]
[Result "1/2-1/2"]
[WhiteElo "2090"]
[BlackElo "2396"]
[EventDate "2014.11.29"]
[PlyCount "63"]

1.e4 c5 2.Nf3 Nc6 3.d4 cxd4 4.Nxd4 g6 5.g3 Bg7 6.Ne2 Nf6 7.Bg2 O-O 8.O-O 
b5 9.Nbc3 Rb8 10.h3 a6 11.Be3 Bb7 12.Nd5 d6 13.c3 Nd7 14.a4 e6 15.axb5 
axb5 16.Ndf4 Qc7 17.Nd4 Nxd4 18.cxd4 Rfc8 19.Nd3 Nb6 20.b3 f5 21.Nf4 Bxe4 
22.Bxe4 fxe4 23.Nxe6 Qf7 24.Nxg7 Kxg7 25.d5 Nxd5 26.Ra7 Rb7 27.Qd4+ Kg8 
28.Rxb7 Qxb7 29.Qxe4 Qf7 30.Bd4 Nc3 31.Bxc3 Rxc3 32.Ra1 1/2-1/2

[Event "36th Asia-ch U20"]
[Site "Tagaytay City PHI"]
[Date "2014.11.30"]
[Round "2"]
[White "BERSAMINA, Paulo"]
[Black "NAZARIO, Marc Christian"]
[Result "1-0"]
[WhiteElo "2391"]
[BlackElo "2058"]
[EventDate "2014.11.29"]
[PlyCount "61"]

1.d4 Nf6 2.c4 d6 3.Nc3 Bf5 4.f3 e5 5.d5 e4 6.Qd4 Na6 7.Bd2 Nb4 8.O-O-O 
exf3 9.gxf3 c5 10.Qf2 Be7 11.e4 Bg6 12.a3 a5 13.Nh3 O-O 14.Nf4 Nd7 15.h4 
h6 16.Qg3 Bf6 17.Nxg6 fxg6 18.Kb1 Qe7 19.Qxg6 Ne5 20.Qg3 Kh8 21.f4 Nd7 22.
Re1 Bd4 23.axb4 axb4 24.Nb5 Bxb2 25.Kxb2 Qf6+ 26.e5 dxe5 27.fxe5 Qa6 28.
Qb3 Rf2 29.Be2 Nxe5 30.d6 Nf3 31.Ra1 1-0

[Event "36th Asia-ch U20"]
[Site "Tagaytay City PHI"]
[Date "2014.11.30"]
[Round "2"]
[White "THING, Bibek"]
[Black "SAMANTILA, Daryl Unix"]
[Result "1/2-1/2"]
[WhiteElo "1970"]
[BlackElo "1948"]
[EventDate "2014.11.29"]
[PlyCount "118"]

1.e4 e6 2.d4 d5 3.Nc3 Bb4 4.Ne2 dxe4 5.a3 Be7 6.Nxe4 Nf6 7.N2g3 Nbd7 8.Bd3
O-O 9.O-O b6 10.Qf3 Rb8 11.Be3 Bb7 12.Rad1 Nd5 13.c4 Nxe3 14.Qxe3 f5 15.
Nc3 Rf6 16.Qe2 Qf8 17.Rfe1 Bd6 18.Nb5 Re8 19.Nxd6 cxd6 20.f3 Rf7 21.b4 Nf6
22.Qf2 g6 23.Bc2 Rc7 24.Bb3 Kg7 25.Qb2 Nd7 26.c5 Bd5 27.Bxd5 exd5 28.b5 
Nf6 29.c6 Rxe1+ 30.Rxe1 Re7 31.Qc3 Ne8 32.Kf2 Nc7 33.a4 Qf6 34.Rxe7+ Qxe7 
35.Qe3 Qh4 36.f4 Kf7 37.h3 g5 38.Kf3 g4+ 39.hxg4 Qxg4+ 40.Kf2 Qd1 41.Qe2 
Qxd4+ 42.Ke1 Qb4+ 43.Qd2 Qxa4 44.Qd3 Qxf4 45.Nxf5 Kf6 46.Ng3 Qb4+ 47.Kf2 
Qf4+ 48.Kg1 Qc1+ 49.Kh2 Qh6+ 50.Kg1 Qg6 51.Qf3+ Ke6 52.Qe3+ Kf7 53.Qf3+ 
Qf6 54.Qh5+ Qg6 55.Qf3+ Kg8 56.Nf5 Qg5 57.Nd4 Qc1+ 58.Kh2 Qh6+ 59.Kg1 Qc1+
1/2-1/2

[Event "36th Asia-ch U20"]
[Site "Tagaytay City PHI"]
[Date "2014.11.30"]
[Round "2"]
[White "JACUTINA, John Merill"]
[Black "AHMAD, Alzarovni"]
[Result "1-0"]
[WhiteElo "1947"]
[BlackElo "1721"]
[EventDate "2014.11.29"]
[PlyCount "69"]

1.d4 d5 2.c4 c6 3.Nc3 Nf6 4.Nf3 dxc4 5.a4 Bf5 6.e3 e6 7.Bxc4 Bb4 8.O-O O-O
9.Qb3 a5 10.Na2 Qe7 11.Nxb4 Qxb4 12.Qxb4 axb4 13.Bd2 Na6 14.Rfc1 Ne4 15.
Be1 Rfc8 16.Ne5 Rd8 17.f3 Nd6 18.Bxa6 Rxa6 19.Bxb4 f6 20.Bxd6 Rxd6 21.Nc4 
Rd8 22.a5 Bg6 23.Nb6 e5 24.Rd1 exd4 25.Rxd4 Rxd4 26.exd4 Kf7 27.b4 Ke6 28.
Kf2 Kd6 29.Ke3 Ke6 30.d5+ Kd6 31.Kd4 Bf7 32.Nc4+ Kc7 33.Kc5 Bxd5 34.Nb6 
Be6 35.Re1 1-0

[Event "36th Asia-ch U20"]
[Site "Tagaytay City PHI"]
[Date "2014.11.30"]
[Round "3"]
[White "BERSAMINA, Paulo"]
[Black "NARAYANAN, Srinath"]
[Result "1/2-1/2"]
[WhiteElo "2391"]
[BlackElo "2461"]
[EventDate "2014.11.29"]
[PlyCount "61"]

1.d4 Nf6 2.c4 e6 3.Nc3 Bb4 4.e3 O-O 5.Ne2 c6 6.a3 Ba5 7.Ng3 d5 8.Bd3 Nbd7 
9.O-O e5 10.cxd5 cxd5 11.Bf5 Re8 12.Bd2 g6 13.Bh3 exd4 14.exd4 Nf8 15.Bxc8
Rxc8 16.Qb3 Qb6 17.Qxb6 Bxb6 18.Bg5 N8d7 19.Be3 a6 20.Nge2 Rc4 21.Rfd1 Ba5
22.Rac1 Rec8 23.h3 Kg7 24.Kf1 b5 25.Bf4 Bc7 26.Bxc7 R4xc7 27.Na2 Nb6 28.
Rxc7 Rxc7 29.Rc1 Re7 30.b3 Re6 31.Nb4 1/2-1/2

[Event "36th Asia-ch U20"]
[Site "Tagaytay City PHI"]
[Date "2014.11.30"]
[Round "3"]
[White "GARCIA, Jan Emmanuel"]
[Black "THING, Bibek"]
[Result "1-0"]
[WhiteElo "2396"]
[BlackElo "1970"]
[EventDate "2014.11.29"]
[PlyCount "39"]

1.d4 d5 2.c4 e6 3.Nc3 Nf6 4.cxd5 exd5 5.Bg5 c6 6.e3 Be7 7.Bd3 Be6 8.Qc2 
Nbd7 9.f4 Nf8 10.f5 Bd7 11.Nf3 h6 12.Bf4 N8h7 13.Ne5 Rc8 14.g4 a6 15.h4 
Ne4 16.Nxe4 dxe4 17.Bc4 Rf8 18.Qb3 Bxh4+ 19.Ke2 Qe7 20.Bxf7+ 1-0

[Event "36th Asia-ch U20"]
[Site "Tagaytay City PHI"]
[Date "2014.11.30"]
[Round "3"]
[White "BILGUUN, Sumiya"]
[Black "IKRAMUL, Haque Siam"]
[Result "1/2-1/2"]
[WhiteElo "2249"]
[BlackElo "2090"]
[EventDate "2014.11.29"]
[PlyCount "84"]

1.e4 e6 2.d4 d5 3.Nd2 Nf6 4.e5 Nfd7 5.c3 c5 6.Bd3 Nc6 7.Ngf3 g6 8.O-O Bg7 
9.Re1 O-O 10.Nf1 cxd4 11.cxd4 Qb6 12.Bb1 f6 13.exf6 Nxf6 14.b3 Bd7 15.Ng3 
Ng4 16.Be3 Nxe3 17.fxe3 e5 18.e4 Bg4 19.Kh1 Nxd4 20.Rf1 Rad8 21.exd5 Rxd5 
22.Be4 Rd6 23.Qc1 Nxf3 24.gxf3 Bh3 25.Rg1 Qf2 26.Qc4+ Kh8 27.Qe2 Qxe2 28.
Nxe2 Rd2 29.Nc3 b6 30.Rad1 Rfd8 31.Rxd2 Rxd2 32.Rd1 Bh6 33.Rxd2 Bxd2 34.
Nb5 a5 35.Nd6 Bc3 36.Nb5 Bb4 37.Nc7 Bd6 38.Nd5 Bc5 39.f4 exf4 40.Nxf4 Bd7 
41.Kg2 Kg7 42.Nd5 g5 1/2-1/2

[Event "36th Asia-ch U20"]
[Site "Tagaytay City PHI"]
[Date "2014.11.30"]
[Round "3"]
[White "NAZARIO, Marc Christian"]
[Black "RILLORAZA, Istraelito"]
[Result "0-1"]
[WhiteElo "2058"]
[BlackElo "1736"]
[EventDate "2014.11.29"]
[PlyCount "54"]

1.Nf3 Nf6 2.d4 d5 3.Bf4 g6 4.e3 Bg7 5.Be2 O-O 6.h3 c5 7.c3 Nc6 8.dxc5 Ne4 
9.Nbd2 e5 10.Bh2 Nxc5 11.O-O Be6 12.b4 Nd7 13.Nb3 a6 14.Rc1 Rc8 15.Qd2 Qe7
16.Rfd1 Rfd8 17.Bf1 h6 18.Qe1 Qf8 19.b5 axb5 20.Bxb5 Qa3 21.Qe2 d4 22.cxd4
Bxb3 23.axb3 Nxd4 24.exd4 Rxc1 25.Bxd7 Rxd7 26.Bxe5 Bxe5 27.Nxe5 Rxd4 0-1

[Event "36th Asia-ch U20"]
[Site "Tagaytay City PHI"]
[Date "2014.11.30"]
[Round "3"]
[White "MAYED, Al-Rashedi"]
[Black "JACUTINA, John Merill"]
[Result "0-1"]
[WhiteElo "1908"]
[BlackElo "1947"]
[EventDate "2014.11.29"]
[PlyCount "100"]

1.e4 e6 2.d4 d5 3.Nd2 c5 4.exd5 exd5 5.Bb5+ Nc6 6.Ngf3 Nf6 7.O-O Be7 8.
dxc5 O-O 9.Nb3 Bg4 10.Be2 a5 11.a4 Qc7 12.c3 Rfe8 13.Be3 Bxf3 14.Bxf3 Ne5 
15.Be2 Rad8 16.Bb5 Neg4 17.g3 Nxe3 18.fxe3 Rf8 19.Qf3 Bxc5 20.Nxc5 Qxc5 
21.Rad1 Rd6 22.Rd4 Re6 23.Rfd1 Qe7 24.Re1 Re4 25.Re2 g6 26.Kg2 Kg7 27.Kg1 
h5 28.h3 Qe6 29.Kg2 Rc8 30.Rxe4 dxe4 31.Qf2 Rd8 32.Rd2 Rd5 33.Rd4 Rf5 34.
Qd2 h4 35.Be2 hxg3 36.Qe1 Qb6 37.b4 axb4 38.cxb4 Qc6 39.b5 Qc2 40.Rc4 Qb2 
41.Rb4 Qa3 42.Bd1 Nd5 43.Rxe4 Qb2+ 44.Kxg3 Rg5+ 45.Rg4 Qe5+ 46.Kf2 Qh2+ 
47.Kf3 Rf5+ 48.Ke4 Re5+ 49.Kd4 Qb2+ 50.Kc5 Nxe3+ 0-1

[Event "36th Asia-ch U20"]
[Site "Tagaytay City PHI"]
[Date "2014.11.30"]
[Round "3"]
[White "SAMANTILA, Daryl Unix"]
[Black "AHMAD, Alzarovni"]
[Result "1-0"]
[WhiteElo "1948"]
[BlackElo "1721"]
[EventDate "2014.11.29"]
[PlyCount "54"]

1.d4 d5 2.Nf3 Nf6 3.Bf4 c5 4.c3 Qb6 5.Qc2 Nc6 6.e3 cxd4 7.exd4 Bf5 8.Qb3 
Nd7 9.Nbd2 e6 10.Be2 Be7 11.O-O O-O 12.Rfe1 Rfc8 13.h3 Na5 14.Qa4 Qd8 15.
Ne5 Nxe5 16.Bxe5 a6 17.b4 Nc6 18.Bg3 b5 19.Qb3 h6 20.a4 Qb6 21.Nf3 Bf6 22.
Ra2 Na7 23.Rea1 Qb7 24.Bd6 Bd8 25.Bc5 Bb6 26.axb5 Nxb5 27.Bxb5 axb5 1-0

[Event "36th Asia-ch U20"]
[Site "Tagaytay City PHI"]
[Date "2014.12.01"]
[Round "4"]
[White "NARAYANAN, Srinath"]
[Black "GARCIA, Jan Emmanuel"]
[Result "1-0"]
[WhiteElo "2461"]
[BlackElo "2396"]
[EventDate "2014.11.29"]
[PlyCount "95"]

1.e4 e5 2.Nf3 Nc6 3.Bb5 Nf6 4.d3 Bc5 5.O-O d6 6.Nbd2 a6 7.Bxc6+ bxc6 8.Nc4
O-O 9.a4 a5 10.Bd2 Bb6 11.h3 Be6 12.Nxb6 cxb6 13.Re1 Re8 14.Ra3 Qc7 15.Bg5
Nd7 16.d4 f6 17.Bc1 Rad8 18.Nh4 Nf8 19.Rg3 Qf7 20.Bh6 g6 21.f4 exf4 22.
Bxf4 Kh8 23.Bh6 g5 24.Nf5 Bxf5 25.exf5 Ng6 26.fxg6 Qxg6 27.Rxe8+ Rxe8 28.
Qf3 d5 29.Qc3 Rc8 30.Bf8 Rxf8 31.Qxc6 Qe4 32.c3 h5 33.Qxb6 Qf4 34.Rf3 Qc1+
35.Rf1 Qe3+ 36.Kh1 g4 37.Qd6 Kg7 38.Qxd5 Qg3 39.Qf5 Rf7 40.Qxh5 f5 41.hxg4
Kg8 42.Qg6+ Kf8 43.Rf3 Qe1+ 44.Kh2 f4 45.Qd6+ Kg8 46.Qd8+ Kg7 47.Rh3 Rf6 
48.Qh8+ 1-0

[Event "36th Asia-ch U20"]
[Site "Tagaytay City PHI"]
[Date "2014.12.01"]
[Round "4"]
[White "IKRAMUL, Haque Siam"]
[Black "BERSAMINA, Paulo"]
[Result "1/2-1/2"]
[WhiteElo "2090"]
[BlackElo "2391"]
[EventDate "2014.11.29"]
[PlyCount "124"]

1.e4 e5 2.Nf3 Nc6 3.Bc4 Bc5 4.c3 Nf6 5.d3 O-O 6.Bb3 d5 7.Qe2 h6 8.Nbd2 d4 
9.Nf1 a5 10.a4 Qd6 11.Ng3 Rd8 12.Bc2 Ne7 13.O-O Ng6 14.Nf5 Bxf5 15.exf5 
Nf4 16.Bxf4 exf4 17.Rfe1 Qd5 18.Nh4 Bd6 19.Rac1 Re8 20.Qd2 Qa2 21.Nf3 Qxb2
22.Nxd4 Nd5 23.Nb5 Rxe1+ 24.Rxe1 Nxc3 25.Qxc3 Qxc3 26.Nxc3 Bb4 27.Bb3 Rd8 
28.Bc4 Bxc3 29.Re7 Kh8 30.Rxf7 Be5 31.g4 f3 32.Re7 Bf4 33.h4 Bd6 34.Re3 c6
35.Rxf3 Be7 36.g5 hxg5 37.hxg5 Bxg5 38.Rh3+ Bh6 39.f6 Rf8 40.f7 b5 41.axb5
cxb5 42.Bxb5 Rxf7 43.d4 Rf6 44.d5 Kg8 45.Rd3 Bf4 46.Bc6 Kf8 47.Rb3 Rg6+ 
48.Kf1 Ke7 49.Rf3 Rf6 50.Ke2 Kd6 51.Ra3 Rf8 52.Rxa5 Rb8 53.Ra4 g5 54.Re4 
Rb3 55.Rd4 Kc5 56.Rd3 Rb2+ 57.Kf3 Be5 58.Kg4 Rxf2 59.Kxg5 Kd6 60.Kg4 Rf4+ 
61.Kg5 Rf2 62.Kg4 Rf4+ 1/2-1/2

[Event "36th Asia-ch U20"]
[Site "Tagaytay City PHI"]
[Date "2014.12.01"]
[Round "4"]
[White "JACUTINA, John Merill"]
[Black "RILLORAZA, Istraelito"]
[Result "1/2-1/2"]
[WhiteElo "1947"]
[BlackElo "1736"]
[EventDate "2014.11.29"]
[PlyCount "136"]

1.d4 d5 2.c4 c6 3.Nf3 Nf6 4.Qc2 g6 5.Bf4 Bf5 6.Qb3 Qb6 7.c5 Qxb3 8.axb3 
Nbd7 9.Nc3 Bg7 10.b4 O-O 11.b5 Ne4 12.e3 e5 13.Nxe5 Bxe5 14.Bxe5 Nxe5 15.
Nxe4 dxe4 16.dxe5 Rfe8 17.bxc6 bxc6 18.Kd2 Rxe5 19.b4 Rd5+ 20.Kc3 a5 21.
Rxa5 Rxa5 22.bxa5 Rxc5+ 23.Kb4 Rc1 24.a6 Bc8 25.a7 Ra1 26.Bb5 Rxa7 27.Bxc6
Ra2 28.Bxe4 Rxf2 29.Kc3 Ba6 30.Rd1 Kg7 31.Rd2 Rxd2 32.Kxd2 f5 33.Bd5 Kf6 
34.Ke1 Ke5 35.Bg8 h6 36.Kf2 Bb7 37.Bf7 g5 38.Be8 Bd5 39.Ba4 Be4 40.Be8 Kd5
41.Bf7+ Ke5 42.Be8 Bd5 43.Ba4 h5 44.g3 h4 45.gxh4 gxh4 46.Bd1 Bc6 47.Bh5 
Bd5 48.Bd1 Bb7 49.Bh5 Bc6 50.Bd1 Bd5 51.Bh5 Ba8 52.Bd1 Bb7 53.Bc2 Bd5 54.
Bd1 Bc6 55.Bh5 Bb7 56.Bd1 Ba8 57.Bc2 Bb7 58.Bd1 Bc6 59.Bc2 Bd5 60.Ba4 f4 
61.exf4+ Kxf4 62.Bd7 Be4 63.Bc8 Ba8 64.Bd7 Bf3 65.Bc8 Bd5 66.Bd7 Bb7 67.
Be6 Be4 68.Bc8 Bh1 1/2-1/2

[Event "36th Asia-ch U20"]
[Site "Tagaytay City PHI"]
[Date "2014.12.01"]
[Round "4"]
[White "THING, Bibek"]
[Black "BILGUUN, Sumiya"]
[Result "0-1"]
[WhiteElo "1970"]
[BlackElo "2249"]
[EventDate "2014.11.29"]
[PlyCount "76"]

1.e4 c5 2.Nf3 e6 3.d4 cxd4 4.Nxd4 a6 5.Bd3 Qc7 6.O-O Nf6 7.Qe2 d6 8.c4 
Nbd7 9.Nc3 b6 10.Be3 Bb7 11.Rac1 Be7 12.Kh1 O-O 13.Rfd1 Rac8 14.f3 Qb8 15.
b3 Rfe8 16.Qf2 Bd8 17.Nde2 Bc7 18.h3 Ba8 19.f4 Bb7 20.Bb1 Qa8 21.Ng3 Bc6 
22.Bd4 b5 23.Re1 Qb8 24.cxb5 axb5 25.Nd1 Qb7 26.b4 e5 27.fxe5 Nxe5 28.Nc3 
Re6 29.Rf1 Rce8 30.Nd5 Nxd5 31.exd5 Bxd5 32.Qc2 Rg6 33.Kh2 Bc4 34.Rfe1 d5 
35.Qc3 Rge6 36.Bf5 Nf3+ 37.gxf3 Re2+ 38.Bf2 Qb6 0-1

[Event "36th Asia-ch U20"]
[Site "Tagaytay City PHI"]
[Date "2014.12.01"]
[Round "4"]
[White "MAYED, Al-Rashedi"]
[Black "NAZARIO, Marc Christian"]
[Result "0-1"]
[WhiteElo "1908"]
[BlackElo "2058"]
[EventDate "2014.11.29"]
[PlyCount "156"]

1.e4 e5 2.Nf3 Nf6 3.Nxe5 d6 4.Nf3 Nxe4 5.d4 d5 6.Bd3 Nc6 7.O-O Be7 8.c4 
Nb4 9.cxd5 Nxd3 10.Qxd3 Qxd5 11.Re1 Bf5 12.Nc3 Nxc3 13.Qxc3 Be6 14.Re5 Qc6
15.Qa5 Rd8 16.Bd2 b6 17.Qc3 Qxc3 18.Bxc3 Bf6 19.Re3 O-O 20.a3 Bd5 21.Ne5 
Bg5 22.Ree1 Rfe8 23.g3 f6 24.Nd3 Bc4 25.Rxe8+ Rxe8 26.Re1 Rxe1+ 27.Nxe1 f5
28.Nf3 Bf6 29.Ne5 Be6 30.Kf1 a5 31.Ke2 Kf8 32.f4 Ke7 33.Ke3 Bd5 34.Kd3 Ke6
35.Ke3 g5 36.Nf3 g4 37.Ne5 Be4 38.Kd2 Kd5 39.Ke3 Bc2 40.Nd7 Bg7 41.Ne5 Ba4
42.Kd3 Bf6 43.Ke3 Be8 44.Kd3 h5 45.Ke3 h4 46.Kd3 h3 47.Ke3 Ba4 48.Kd3 Bb3 
49.Ke3 Be7 50.Ng6 Bd6 51.Ne5 Bc2 52.Kd2 Be4 53.Ke3 Bc2 54.Kd2 Ba4 55.Ke3 
c5 56.Nf7 Be7 57.Ne5 Bb5 58.Ng6 Bd6 59.Ne5 Be8 60.Kd3 c4+ 61.Ke3 Bc7 62.b3
cxb3 63.Nd3 Bd6 64.Bb2 Be7 65.Nc1 a4 66.Nd3 b5 67.Bc1 Kc4 68.Bb2 b4 69.
axb4 Bxb4 70.Ne5+ Kd5 71.Nd3 Bd6 72.Nc5 Bxc5 73.dxc5 Kxc5 74.Ba3+ Kc4 75.
Kd2 Bb5 76.Bb2 Kb4 77.Be5 Ka3 78.Kc1 Ka2 0-1

[Event "36th Asia-ch U20"]
[Site "Tagaytay City PHI"]
[Date "2014.12.01"]
[Round "5"]
[White "RILLORAZA, Istraelito"]
[Black "NARAYANAN, Srinath"]
[Result "0-1"]
[WhiteElo "1736"]
[BlackElo "2461"]
[EventDate "2014.11.29"]
[PlyCount "58"]

1.c4 c5 2.Nc3 Nc6 3.g3 g6 4.Bg2 Bg7 5.a3 d6 6.d3 e6 7.Nf3 Nge7 8.Bg5 h6 9.
Bd2 O-O 10.Rb1 d5 11.O-O b6 12.b4 cxb4 13.axb4 dxc4 14.dxc4 Bb7 15.Qc1 Kh7
16.Rd1 Qc8 17.Nb5 Rd8 18.Bf4 Rxd1+ 19.Qxd1 e5 20.Nd6 Qe6 21.Nxe5 Bxe5 22.
Nxb7 Bxf4 23.gxf4 Rb8 24.b5 Rxb7 25.bxc6 Nxc6 26.f5 gxf5 27.c5 Rd7 28.Qa4 
Nd4 29.e3 Ne2+ 0-1

[Event "36th Asia-ch U20"]
[Site "Tagaytay City PHI"]
[Date "2014.12.01"]
[Round "5"]
[White "GARCIA, Jan Emmanuel"]
[Black "BERSAMINA, Paulo"]
[Result "1/2-1/2"]
[WhiteElo "2396"]
[BlackElo "2391"]
[EventDate "2014.11.29"]
[PlyCount "131"]

1.d4 Nf6 2.c4 Nc6 3.Nf3 e6 4.Nc3 Bb4 5.Qc2 d6 6.Bd2 Qe7 7.a3 Bxc3 8.Bxc3 
a5 9.e3 O-O 10.Be2 e5 11.dxe5 dxe5 12.O-O Re8 13.Nd2 Bg4 14.Bxg4 Nxg4 15.
h3 Nf6 16.Ne4 Nd7 17.Qb3 Rab8 18.Rfd1 f5 19.Ng3 g6 20.Qb5 Nf6 21.Bxa5 Nxa5
22.Qxa5 c6 23.Qd2 Rbd8 24.Qc2 Ra8 25.Rd2 Kg7 26.Rad1 Rac8 27.Qb3 Ra8 28.
Ne2 Qf7 29.Qb4 Re7 30.b3 Rae8 31.Rd8 Rxd8 32.Rxd8 Ne4 33.f3 Nf6 34.Qd6 Re6
35.Qb8 Qe7 36.b4 Qf7 37.Qa7 Qc7 38.Rd2 Qf7 39.b5 cxb5 40.cxb5 Re7 41.Qc5 
Nd7 42.Qd6 Nf6 43.Qc5 Nd7 44.Qd5 Qxd5 45.Rxd5 Nb6 46.Rc5 Kf6 47.Nc3 Ke6 
48.Na2 Kd6 49.Rc1 Rc7 50.Kf2 Rc5 51.Ke2 Rxb5 52.Nb4 Rc5 53.Rd1+ Ke7 54.Rb1
Nd7 55.Kd2 Ke6 56.Nd3 Ra5 57.Rb3 b6 58.e4 fxe4 59.fxe4 Ra4 60.Ke3 Rc4 61.
g3 Kd6 62.Kf3 Ke6 63.Ke3 h6 64.Kf3 Kd6 65.Ke3 Ke6 66.Kf3 1/2-1/2

[Event "36th Asia-ch U20"]
[Site "Tagaytay City PHI"]
[Date "2014.12.01"]
[Round "5"]
[White "BILGUUN, Sumiya"]
[Black "JACUTINA, John Merill"]
[Result "1-0"]
[WhiteElo "2249"]
[BlackElo "1947"]
[EventDate "2014.11.29"]
[PlyCount "99"]

1.e4 d6 2.d4 Nf6 3.Nc3 c6 4.Nf3 Bg4 5.h3 Bh5 6.g4 Bg6 7.Bd3 e6 8.Qe2 d5 9.
e5 Nfd7 10.Bg5 Qc7 11.O-O a6 12.Rae1 b5 13.a3 Nb6 14.h4 c5 15.h5 Bxd3 16.
cxd3 c4 17.Rc1 Nc6 18.Be3 Be7 19.Nd2 O-O 20.f4 f6 21.Nf3 f5 22.Ne1 Na5 23.
Qg2 Nb3 24.Rd1 Qd7 25.Qg3 Qe8 26.Rf2 fxg4 27.Qxg4 Rf5 28.Rg2 Bf8 29.Rh2 
Ra7 30.Ne2 b4 31.Ng3 Rff7 32.f5 exf5 33.Nxf5 Kh8 34.Nf3 Qc8 35.N3h4 Rxf5 
36.Qxf5 Qxf5 37.Nxf5 bxa3 38.bxa3 Rc7 39.dxc4 Nxc4 40.Bg5 h6 41.Bd8 Rc8 
42.Be7 Kg8 43.Bxf8 Kxf8 44.Rf2 Rb8 45.Ne3+ Ke8 46.Nxd5 Rd8 47.Nc7+ Ke7 48.
Rg2 g5 49.hxg6 Nxd4 50.Rxd4 1-0

[Event "36th Asia-ch U20"]
[Site "Tagaytay City PHI"]
[Date "2014.12.01"]
[Round "5"]
[White "SAMANTILA, Daryl Unix"]
[Black "IKRAMUL, Haque Siam"]
[Result "1-0"]
[WhiteElo "1948"]
[BlackElo "2090"]
[EventDate "2014.11.29"]
[PlyCount "75"]

1.d4 Nf6 2.Nf3 c5 3.c3 b6 4.Bf4 g6 5.e3 Bg7 6.h3 O-O 7.Nbd2 Bb7 8.a4 d6 9.
Bc4 Nbd7 10.O-O Qc7 11.Bh2 a6 12.Qe2 Rfc8 13.Rfc1 Bh6 14.b4 Nd5 15.Nb3 Qd8
16.bxc5 bxc5 17.a5 N5f6 18.Nbd2 cxd4 19.cxd4 d5 20.Rcb1 dxc4 21.Rxb7 c3 
22.Nc4 Nd5 23.Qa2 N7f6 24.Nfe5 Qe8 25.Rab1 Ne4 26.Qc2 f5 27.Nb6 Nxe3 28.
fxe3 Bxe3+ 29.Kf1 Nd2+ 30.Ke2 Bxd4 31.Nxc8 Rxc8 32.Qa2+ Kf8 33.Nd7+ Kg7 
34.Qd5 Rc4 35.Bf4 Bf6 36.Nxf6 Kxf6 37.R1b6+ Kg7 38.Qe5+ 1-0

[Event "36th Asia-ch U20"]
[Site "Tagaytay City PHI"]
[Date "2014.12.01"]
[Round "5"]
[White "NAZARIO, Marc Christian"]
[Black "THING, Bibek"]
[Result "1/2-1/2"]
[WhiteElo "2058"]
[BlackElo "1970"]
[EventDate "2014.11.29"]
[PlyCount "68"]

1.e4 c5 2.Nf3 d6 3.Bb5+ Nd7 4.c4 a6 5.Ba4 Nf6 6.O-O g6 7.Nc3 Bg7 8.d4 cxd4
9.Nxd4 O-O 10.Bxd7 Bxd7 11.b3 b5 12.cxb5 axb5 13.Bb2 b4 14.Nd5 Nxd5 15.
exd5 Ra5 16.Qe1 Qb6 17.Qxe7 Bxd4 18.Bxd4 Qxd4 19.Qxd7 Rxd5 20.g3 Qb6 21.
Rac1 Rd2 22.Rc6 Qd4 23.Rc4 Qe5 24.Rxb4 Rxa2 25.Rf4 Qe6 26.Qb5 Rfa8 27.Kg2 
R2a5 28.Qb7 R5a7 29.Qb5 Ra5 30.Qb7 Qd5+ 31.Qxd5 Rxd5 32.h4 Kf8 33.Rc1 Ra7 
34.Rc8+ Kg7 1/2-1/2

[Event "36th Asia-ch U20"]
[Site "Tagaytay City PHI"]
[Date "2014.12.02"]
[Round "6"]
[White "NARAYANAN, Srinath"]
[Black "NAZARIO, Marc Christian"]
[Result "1-0"]
[WhiteElo "2461"]
[BlackElo "2058"]
[EventDate "2014.11.29"]
[PlyCount "136"]

1.e4 e5 2.Nf3 Nf6 3.d4 Nxe4 4.Bd3 d5 5.Nxe5 Nd7 6.Nxd7 Bxd7 7.O-O Be7 8.c4
Nf6 9.Qb3 Bc6 10.Nc3 O-O 11.Re1 dxc4 12.Bxc4 Ng4 13.d5 Bc5 14.Ne4 Qh4 15.
Qg3 Qxg3 16.hxg3 Rfe8 17.Bf4 Rxe4 18.Rxe4 Nxf2 19.Re2 Nh3+ 20.Kh2 Nxf4 21.
gxf4 Bd7 22.Rc1 Bd6 23.g3 h5 24.Kg2 g6 25.Bd3 Kg7 26.Rec2 Rc8 27.f5 g5 28.
f6+ Kxf6 29.Rf2+ Kg7 30.Rcf1 Rf8 31.Rh1 Rh8 32.Rhf1 Rf8 33.Rh1 Rh8 34.Rhf1
Be8 35.Rf5 Be7 36.Rc1 Bd8 37.Be4 Bd7 38.Rf2 b6 39.Bf5 Bxf5 40.Rxf5 Re8 41.
d6 cxd6 42.Rc8 Rh8 43.Rd5 Bf6 44.Rxh8 Kxh8 45.Rxd6 Bxb2 46.Rd7 Kg7 47.Rxa7
Kf6 48.a4 Bd4 49.Rd7 Be3 50.Kf3 Bc5 51.Rd5 Be7 52.Ke4 Ke6 53.Re5+ Kd6 54.
Rb5 Kc6 55.Rf5 f6 56.Kd4 Kd6 57.Rf1 Ke6 58.Re1+ Kf7 59.Kd5 Bb4 60.Rb1 Ba5 
61.Ke4 Kg6 62.Rb5 g4 63.Ke3 Kh6 64.Kf4 Kg6 65.Ke4 Be1 66.Rxb6 Bxg3 67.a5 
h4 68.a6 Bc7 1-0